The joint decision trap (Record no. 8426)

000 -LEADER
fixed length control field 00399pab a2200145 454500
008 - FIXED-LENGTH DATA ELEMENTS--GENERAL INFORMATION
fixed length control field 180718b1988 xxu||||| |||| 00| 0 eng d
100 ## - MAIN ENTRY--PERSONAL NAME
Personal name Scharpf, Fritz W.
245 ## - TITLE STATEMENT
Title The joint decision trap
Remainder of title Lessons from German federalism and European integration
260 ## - PUBLICATION, DISTRIBUTION, ETC.
Date of publication, distribution, etc. 1988
300 ## - PHYSICAL DESCRIPTION
Extent 239-78
362 ## - DATES OF PUBLICATION AND/OR SEQUENTIAL DESIGNATION
Dates of publication and/or sequential designation Autumn
650 ## - SUBJECT ADDED ENTRY--TOPICAL TERM
Topical term or geographic name entry element Federalism - Germany
773 ## - HOST ITEM ENTRY
Main entry heading Public Administration
909 ## -
-- 8426
Holdings
Withdrawn status Lost status Damaged status Not for loan Permanent Location Current Location Date acquired Serial Enumeration / chronology Barcode Date last seen Price effective from Koha item type
        Indian Institute of Public Administration Indian Institute of Public Administration 2018-07-19 Volume no: 66, Issue no: 3 AR8440 2018-07-19 2018-07-19 Articles

Powered by Koha